Polscy władcy po przydomkach - Statystyki

Ogólne statystyki
  • Ten quiz został rozwiązany 1 372 razy
  • Średni wynik to 13 z 16
Statystyki odpowiedzi
Hint Odpowiedź % Poprawnych
Wielki Kazimierz III
96%
Stary Zygmunt I/Mieszko
96%
Jagiełło Władysław II
95%
Krzywousty Bolesław
92%
Waza Jan II Kazimierz/Zygmunt III/Władysław IV
91%
Andegaweńska Jadwiga
90%
Szczodry Bolesław II
88%
Olbracht Jan I
85%
Węgierski Ludwik
82%
Herman Władysław
80%
Mocny August II
76%
Sas August III
73%
August Zygmunt II
70%
Biały Leszek
62%
Prawy lub Probus Henryk IV
47%
Rogatka Bolesław
34%
Nie znaleziono quizów pasujących do podanych kryteriów
Rozkład punktacji
Procent ludzi z każdym wynikiem
Percentyl według liczby udzielonych odpowiedzi
Twoja historia wyników
Nie rozwiązałeś tego quizu